[Event "Cto. FACV Ind. Preferente Xixona 2014"]
[Site "Xixona ESP"]
[Date "2014.09.27"]
[Round "1.7"]
[White "Magdaleno Puche, Juan Pedro"]
[Black "Navarro Amoros, Arturo"]
[Result "0-1"]
[WhiteElo "1724"]
[BlackElo "1332"]
[PlyCount "64"]
[EventDate "2014.09.27"]
[EventType "swiss"]
[EventRounds "7"]
[EventCountry "ESP"]
[Source "lmi"]
[SourceDate "2014.09.27"]

1. d4 d5 2. c4 c6 3. Nc3 Nf6 4. Bf4 g6 5. e3 Bg7 6. Nf3 Be6 7. c5 Nbd7 8. Be2
Ne4 9. Rc1 Ndf6 10. O-O b6 11. b4 Nh5 12. Ne5 Nxf4 13. exf4 Qc7 14. Nxc6 bxc5
15. Nxe4 dxe4 16. Rxc5 Qxf4 17. Bb5 a6 18. Qa4 O-O 19. Nxe7+ Kh8 20. Bc6 Bxd4
21. Bxa8 e3 22. Rc2 Rxa8 23. b5 Bg4 24. Nd5 exf2+ 25. Kh1 Qe4 26. Rd2 Re8 27.
Qxd4+ Qxd4 28. Rxd4 Re1 29. Ne3 Be2 30. h3 Bxf1 31. Nxf1 Rxf1+ 32. Kh2 Re1 0-1

[Event "Cto. FACV Ind. Preferente Xixona 2014"]
[Site "Xixona ESP"]
[Date "2014.09.27"]
[Round "1.8"]
[White "Perez Rico, Miguel"]
[Black "Navarro Amoros, Antonio Jose"]
[Result "0-1"]
[WhiteElo "1218"]
[BlackElo "1724"]
[PlyCount "48"]
[EventDate "2014.09.27"]
[EventType "swiss"]
[EventRounds "7"]
[EventCountry "ESP"]
[Source "lmi"]
[SourceDate "2014.09.27"]

1. e4 e6 2. d4 d5 3. e5 c5 4. c3 Nc6 5. Nf3 Qb6 6. Be2 Nge7 7. Na3 Nf5 8. O-O
cxd4 9. Qa4 dxc3 10. bxc3 Bd7 11. Bb5 a6 12. Rb1 Rc8 13. Bd3 Qc7 14. Qb3 Na5
15. Qc2 Qxc3 16. Bxf5 exf5 17. Qb2 Be7 18. Rd1 Be6 19. Ng5 Qxb2 20. Rxb2 Bxa3
21. Rb1 Bxc1 22. Rbxc1 O-O 23. Ra1 h6 24. Nxe6 fxe6 0-1

[Event "Cto. FACV Ind. Preferente Xixona 2014"]
[Site "Xixona ESP"]
[Date "2014.09.27"]
[Round "1.9"]
[White "Ochando Casasempere, Miguel A"]
[Black "Pastor Jorda, Nerea"]
[Result "1-0"]
[WhiteElo "1688"]
[BlackElo "1057"]
[PlyCount "49"]
[EventDate "2014.09.27"]
[EventType "swiss"]
[EventRounds "7"]
[EventCountry "ESP"]
[Source "lmi"]
[SourceDate "2014.09.27"]

1. Nf3 d5 2. g3 Nf6 3. Bg2 Nc6 4. d4 e6 5. O-O Be7 6. b3 O-O 7. Bb2 Nd7 8. Nbd2
b6 9. e4 f6 10. exd5 exd5 11. Ng5 Ndb8 12. Nh3 Qe8 13. Nf4 Qf7 14. Bxd5 Qxd5
15. Nxd5 Bd6 16. Nc4 a5 17. Nxd6 cxd6 18. Nxb6 Ra7 19. Nxc8 Rxc8 20. c4 Rd7 21.
d5 Nd8 22. Re1 Nf7 23. f4 Na6 24. Qg4 Rdd8 25. Bxf6 1-0

[Event "Cto. FACV Ind. Preferente Xixona 2014"]
[Site "Xixona ESP"]
[Date "2014.09.27"]
[Round "1.10"]
[White "Sargsyan Manukyan, Gurgen"]
[Black "Garcia Gimenez, Santiago"]
[Result "0-1"]
[WhiteElo "1056"]
[BlackElo "1657"]
[PlyCount "72"]
[EventDate "2014.09.27"]
[EventType "swiss"]
[EventRounds "7"]
[EventCountry "ESP"]
[Source "lmi"]
[SourceDate "2014.09.27"]

1. e4 e5 2. Nf3 Nc6 3. Bb5 a6 4. Bxc6 dxc6 5. Nc3 Bd6 6. O-O Bg4 7. d3 f6 8.
Be3 Qd7 9. Re1 O-O-O 10. Qe2 g5 11. Rad1 c5 12. Nd5 h5 13. h3 Be6 14. c4 g4 15.
hxg4 hxg4 16. Nh2 Qh7 17. Qc2 Qxh2+ 18. Kf1 Qh1+ 19. Ke2 Qxg2 20. Kd2 Qf3 21.
Kc3 Bxd5 22. cxd5 Rh2 23. Qe2 Qxe2 24. Rxe2 g3 25. Kd2 g2 26. f3 Ne7 27. Rg1
Rg8 28. Rf2 c6 29. dxc6 Nxc6 30. Ke1 Nb4 31. Kd2 Nxa2 32. Kc2 Nb4+ 33. Kb3 b5
34. Re2 Nxd3 35. Rd2 c4+ 36. Kc3 Bb4+ 0-1

[Event "Cto. FACV Ind. Preferente Xixona 2014"]
[Site "Xixona ESP"]
[Date "2014.10.04"]
[Round "2.1"]
[White "Campos Gutierrez, Maria Soleda"]
[Black "Cano Romero, Jose Miguel"]
[Result "0-1"]
[WhiteElo "1614"]
[BlackElo "1859"]
[PlyCount "86"]
[EventDate "2014.09.27"]
[EventType "swiss"]
[EventRounds "7"]
[EventCountry "ESP"]
[Source "lmi"]
[SourceDate "2014.09.27"]

1. d4 c5 2. d5 Nf6 3. Nc3 d6 4. e4 g6 5. Bb5+ Bd7 6. a4 Bg7 7. Nf3 O-O 8. O-O
Bg4 9. h3 Bxf3 10. Qxf3 Nbd7 11. Bf4 a6 12. Bxd7 Nxd7 13. Rab1 Qa5 14. Qd3 Rfc8
15. Qd2 Nb6 16. Rfe1 Nc4 17. Qe2 Nxb2 18. Nd1 Nxd1 19. Rexd1 Rab8 20. c4 Qxa4
21. e5 dxe5 22. Bxe5 Bxe5 23. Qxe5 Qd7 24. Rb6 Qc7 25. Qxc7 Rxc7 26. Kf1 Rd8
27. Ke2 Kg7 28. d6 exd6 29. Rdxd6 Rxd6 30. Rxd6 Re7+ 31. Kd3 b5 32. cxb5 axb5
33. Rb6 Rd7+ 34. Ke3 b4 35. Rb5 Rd5 36. f4 h5 37. g4 hxg4 38. hxg4 Kf6 39. Ke4
Rd4+ 40. Ke3 Rc4 41. Rb6+ Kg7 42. Rb5 Rc3+ 43. Kd2 Rf3 0-1

[Event "Cto. FACV Ind. Preferente Xixona 2014"]
[Site "Xixona ESP"]
[Date "2014.10.04"]
[Round "2.2"]
[White "Ballester Pomata, Miguel Angel"]
[Black "Aledo Yanguas, David"]
[Result "1-0"]
[WhiteElo "1857"]
[BlackElo "1607"]
[PlyCount "91"]
[EventDate "2014.09.27"]
[EventType "swiss"]
[EventRounds "7"]
[EventCountry "ESP"]
[Source "lmi"]
[SourceDate "2014.09.27"]

1. d4 Nf6 2. Nf3 e6 3. e3 d5 4. Bd3 c5 5. c3 Nc6 6. Nbd2 c4 7. Bc2 b5 8. O-O
Bd6 9. e4 Bf4 10. e5 Nd7 11. g3 Bxd2 12. Bxd2 h6 13. Nh4 h5 14. Qf3 Nf8 15. a4
Ba6 16. Rfb1 Rb8 17. Qe2 Rb6 18. axb5 Bxb5 19. f4 g6 20. Qd1 Ra6 21. b4 Rxa1
22. Rxa1 a6 23. Ba4 Qc8 24. Qc2 Ke7 25. Qa2 Nd7 26. Bc2 Rg8 27. Qb1 Nf8 28. Ba4
Nd7 29. Nf3 Qb7 30. Qd1 Nb6 31. Bc2 Kd7 32. Ng5 Ke7 33. g4 hxg4 34. Qxg4 Qd7
35. Nh7 Rg7 36. Qg5+ f6 37. exf6+ Ke8 38. fxg7 Qxg7 39. Qxg6+ Qxg6+ 40. Bxg6+
Kd8 41. f5 exf5 42. Bg5+ Ne7 43. Bxf5 Bd7 44. Bxd7 Kxd7 45. Bxe7 Kxe7 46. Rxa6
1-0

[Event "Cto. FACV Ind. Preferente Xixona 2014"]
[Site "Xixona ESP"]
[Date "2014.10.04"]
[Round "2.3"]
[White "Navarro Lopez-Menchero, Alvaro"]
[Black "Campos Gutierrez, Luis Maria"]
[Result "1-0"]
[WhiteElo "1574"]
[BlackElo "1844"]
[PlyCount "103"]
[EventDate "2014.09.27"]
[EventType "swiss"]
[EventRounds "7"]
[EventCountry "ESP"]
[Source "lmi"]
[SourceDate "2014.09.27"]

1. d4 d5 2. c4 c6 3. Nf3 Nf6 4. g3 dxc4 5. Bg2 Bf5 6. Ne5 e6 7. Nxc4 Bb4+ 8.
Nc3 O-O 9. O-O Na6 10. a3 Be7 11. Bf4 Nd5 12. Nxd5 exd5 13. Ne3 Bg6 14. Nc2 Bd6
15. Bxd6 Qxd6 16. b4 Rfe8 17. e3 Nc7 18. Qe2 h5 19. h4 Bf5 20. Rfc1 Qd7 21. Ne1
g6 22. a4 a6 23. Nd3 Bxd3 24. Qxd3 Kg7 25. Rc5 Red8 26. Rac1 Qe7 27. Qd2 f6 28.
Bf3 Rh8 29. b5 Ne6 30. R1c2 axb5 31. axb5 cxb5 32. Bxd5 Rhd8 33. Bxe6 Qxe6 34.
Qb4 Rac8 35. Rxc8 Rxc8 36. Rxc8 Qxc8 37. Qxb5 Kf7 38. Kf1 Qc1+ 39. Ke2 Qc2+ 40.
Kf3 Qc8 41. Ke4 Qg4+ 42. f4 Qe6+ 43. Kd3 Qe7 44. Kc4 Qc7+ 45. Qc5 Qd7 46. Qd5+
Ke7 47. Qxd7+ Kxd7 48. e4 Kc6 49. Kb4 Kb6 50. d5 Kc7 51. e5 fxe5 52. fxe5 1-0

[Event "Cto. FACV Ind. Preferente Xixona 2014"]
[Site "Xixona ESP"]
[Date "2014.10.04"]
[Round "2.4"]
[White "Miquel Juan, Marcelo"]
[Black "Carmona Huertas, Juan Antonio"]
[Result "0-1"]
[WhiteElo "1842"]
[BlackElo "1589"]
[PlyCount "110"]
[EventDate "2014.09.27"]
[EventType "swiss"]
[EventRounds "7"]
[EventCountry "ESP"]
[Source "lmi"]
[SourceDate "2014.09.27"]

1. e4 c5 2. Nf3 Nc6 3. d4 cxd4 4. Nxd4 g6 5. c4 Bg7 6. Nc2 Nf6 7. Nc3 O-O 8.
Be2 d6 9. O-O Bd7 10. Be3 a6 11. f3 Qc7 12. Rc1 e5 13. Na3 Nd4 14. Nc2 Nxe2+
15. Qxe2 Rac8 16. Na3 Qa5 17. Rfd1 Rc6 18. Nd5 Nxd5 19. Rxd5 Qc7 20. b3 Be6 21.
Nb1 Qc8 22. Rdd1 f5 23. Nc3 f4 24. Bf2 g5 25. Nd5 Bxd5 26. Rxd5 h5 27. Rcd1 Rf6
28. c5 Qc7 29. Qc4 Kh7 30. b4 dxc5 31. Rd7 Qc8 32. Rd8 Qe6 33. Qxe6 Rfxe6 34.
bxc5 g4 35. Rb1 Rc7 36. Rbd1 Rg6 37. Kf1 Re6 38. Ke2 Kg6 39. R1d5 Bf6 40. R8d7
Rec6 41. h3 g3 42. Bg1 h4 43. Kd3 a5 44. Rxc7 Rxc7 45. Rd6 Kf7 46. Kc4 Be7 47.
Rb6 Rd7 48. Kb5 Rd1 49. Rxb7 Rxg1 50. c6 Rxg2 51. Kb6 Rb2+ 52. Kc7 g2 53. Rxb2
g1=Q 54. Kb8 Qg8+ 55. Kb7 Bd6 0-1

[Event "Cto. FACV Ind. Preferente Xixona 2014"]
[Site "Xixona ESP"]
[Date "2014.10.04"]
[Round "2.5"]
[White "Camarasa Ramos, Jose Vicente"]
[Black "Amat Cerda, Andres"]
[Result "1-0"]
[WhiteElo "1547"]
[BlackElo "1791"]
[PlyCount "68"]
[EventDate "2014.09.27"]
[EventType "swiss"]
[EventRounds "7"]
[EventCountry "ESP"]
[Source "lmi"]
[SourceDate "2014.09.27"]

1. c4 f5 2. Nc3 Nf6 3. d4 b6 4. Bg5 e6 5. Nf3 Bb7 6. e3 d6 7. d5 e5 8. Qc2 g6
9. Be2 Bg7 10. e4 Bc8 11. Bd3 f4 12. h3 h6 13. Bxf6 Qxf6 14. O-O-O Bd7 15. Rhf1
a5 16. Nb5 Qd8 17. g3 Na6 18. Nh4 Qf6 19. Rh1 O-O 20. Ng2 a4 21. a3 c6 22. Nc3
Nc5 23. Kb1 Rab8 24. Nxa4 Nxa4 25. Qxa4 b5 26. cxb5 cxb5 27. Qb4 Rb6 28. g4 Ra6
29. Bc2 Rb8 30. Ne1 Qd8 31. f3 Qb6 32. Nd3 Qd4 33. Rhf1 Bf6 34. Rc1 Rab6 1-0

[Event "Cto. FACV Ind. Preferente Xixona 2014"]
[Site "Xixona ESP"]
[Date "2014.10.04"]
[Round "2.7"]
[White "Navarro Amoros, Antonio Jose"]
[Black "Torregrosa Garcia, Jose Jesus"]
[Result "1-0"]
[WhiteElo "1724"]
[BlackElo "1542"]
[PlyCount "71"]
[EventDate "2014.09.27"]
[EventType "swiss"]
[EventRounds "7"]
[EventCountry "ESP"]
[Source "lmi"]
[SourceDate "2014.09.27"]

1. e4 e6 2. d4 d5 3. e5 c5 4. Nf3 Nc6 5. c3 Nge7 6. Bd3 Qb6 7. a3 c4 8. Bc2 Na5
9. Nbd2 Ng6 10. O-O Bd7 11. Ng5 Be7 12. Ngf3 Nf4 13. Rb1 Ng6 14. Re1 O-O 15.
Nf1 Nb3 16. Be3 a5 17. Ng3 a4 18. Ng5 f5 19. exf6 Bxf6 20. Nxh7 Ne7 21. Nxf8
Rxf8 22. Qh5 Nf5 23. Nxf5 exf5 24. Bxf5 Bxf5 25. Qxf5 Na5 26. Qxd5+ Kh8 27. Qc5
Qd8 28. d5 b6 29. Qxb6 Qxd5 30. Rbd1 Qh5 31. Qb4 Rc8 32. Qxa4 Be5 33. g3 Nc6
34. Qxc4 Bf6 35. Qf4 Qh6 36. Qd6 1-0

[Event "Cto. FACV Ind. Preferente Xixona 2014"]
[Site "Xixona ESP"]
[Date "2014.10.04"]
[Round "2.8"]
[White "Navarro Rico, Lluis"]
[Black "Ochando Casasempere, Miguel A"]
[Result "1/2-1/2"]
[WhiteElo "1521"]
[BlackElo "1688"]
[PlyCount "85"]
[EventDate "2014.09.27"]
[EventType "swiss"]
[EventRounds "7"]
[EventCountry "ESP"]
[Source "lmi"]
[SourceDate "2014.09.27"]

1. c4 e5 2. g3 d5 3. cxd5 Qxd5 4. Nf3 Nf6 5. Nc3 Qa5 6. Bg2 Nc6 7. O-O Be7 8.
d3 O-O 9. Bd2 Bb4 10. a3 Bxc3 11. Bxc3 Qb5 12. Nd2 Re8 13. b4 Nd4 14. Nb3 Qb6
15. e3 Bg4 16. f3 Nxb3 17. Qxb3 Qxe3+ 18. Kh1 Bf5 19. Rad1 Rad8 20. Rfe1 Qb6
21. Bxe5 Nd5 22. d4 Be6 23. Qd3 f6 24. Bf4 Nxf4 25. gxf4 Qd6 26. Qb5 b6 27. d5
Bf7 28. Rxe8+ Rxe8 29. Qc4 Rd8 30. Rc1 Bxd5 31. Qxc7 Qxc7 32. Rxc7 Be6 33. Kg1
Rd7 34. Rc6 Kf7 35. Kf2 Bd5 36. Rc3 Be6 37. Bf1 Rd2+ 38. Kg3 Kg6 39. Bb5 Ra2
40. a4 Rb2 41. Rc7 Rxb4 42. Rxa7 Bb3 43. Ra6 1/2-1/2

[Event "Cto. FACV Ind. Preferente Xixona 2014"]
[Site "Xixona ESP"]
[Date "2014.10.04"]
[Round "2.10"]
[White "Erades Berenguer, Ana"]
[Black "Lario Cortes, Jose Maria"]
[Result "1/2-1/2"]
[WhiteElo "1640"]
[BlackElo "1491"]
[PlyCount "88"]
[EventDate "2014.09.27"]
[EventType "swiss"]
[EventRounds "7"]
[EventCountry "ESP"]
[Source "lmi"]
[SourceDate "2014.09.27"]

1. e4 c5 2. Nf3 d6 3. d4 cxd4 4. Nxd4 Nf6 5. Nc3 a6 6. Be3 e5 7. Nb3 Be7 8. Be2
Be6 9. O-O O-O 10. f4 exf4 11. Bxf4 Nbd7 12. Kh1 Nc5 13. Bf3 b5 14. Nxc5 dxc5
15. e5 Ne8 16. Bxa8 Qxa8 17. Qf3 Qxf3 18. Rxf3 Nc7 19. Rff1 Bc4 20. Rf2 b4 21.
Nd1 Ne6 22. Ne3 Bb5 23. Nd5 Bh4 24. Bg3 Bxg3 25. hxg3 Ng5 26. Re1 Ne6 27. Ne7+
Kh8 28. Nf5 Ng5 29. Nd6 Bc6 30. Ref1 Bd5 31. Rd2 Be6 32. Rf4 g6 33. Ne4 Nxe4
34. Rxe4 Ra8 35. Re1 Kg7 36. Rdd1 a5 37. Rd6 a4 38. Rc6 c4 39. Rd6 b3 40. cxb3
cxb3 41. axb3 Bxb3 42. Re3 Ra5 43. Rd2 Rc5 44. Kg1 Rc1+ 1/2-1/2

[Event "Cto. FACV Ind. Preferente Xixona 2014"]
[Site "Xixona ESP"]
[Date "2014.10.04"]
[Round "2.11"]
[White "Cruz Garcia, Guillermo"]
[Black "Cabrera Gutierrez, Antonio"]
[Result "1/2-1/2"]
[WhiteElo "1650"]
[BlackElo "1640"]
[PlyCount "74"]
[EventDate "2014.09.27"]
[EventType "swiss"]
[EventRounds "7"]
[EventCountry "ESP"]
[Source "lmi"]
[SourceDate "2014.09.27"]

1. e4 d5 2. exd5 Nf6 3. Qf3 Bg4 4. Qf4 Qxd5 5. Nc3 Qd6 6. d3 e5 7. Qe3 Nbd7 8.
Be2 Be7 9. Nf3 O-O 10. Ng5 Bxe2 11. Qxe2 Nd5 12. Nce4 Qg6 13. h4 h6 14. Nf3 f5
15. Ng3 f4 16. h5 Qg5 17. Ne4 Qxg2 18. Rg1 Qh3 19. Bd2 Qxh5 20. O-O-O Qf7 21.
c4 Nb4 22. Bxb4 Bxb4 23. Nh2 f3 24. Qe3 Qf4 25. Qxf4 Rxf4 26. Rg3 Raf8 27. Ng4
Kh7 28. Rh1 Nc5 29. Nxe5 Nxd3+ 30. Nxd3 Rxe4 31. Nxb4 Rxc4+ 32. Nc2 Rf6 33. Kb1
g5 34. Rxg5 Re6 35. Ne3 Rf4 36. Rg3 b6 37. Nc2 Re2 1/2-1/2

[Event "Cto. FACV Ind. Preferente Xixona 2014"]
[Site "Xixona ESP"]
[Date "2014.10.18"]
[Round "3.1"]
[White "Cano Romero, Jose Miguel"]
[Black "Navarro Lopez-Menchero, Alvaro"]
[Result "1-0"]
[WhiteElo "1859"]
[BlackElo "1574"]
[PlyCount "59"]
[EventDate "2014.09.27"]
[EventType "swiss"]
[EventRounds "7"]
[EventCountry "ESP"]
[Source "lmi"]
[SourceDate "2014.09.27"]

1. c4 e5 2. Nc3 Nf6 3. g3 d5 4. cxd5 Nxd5 5. Bg2 Nb6 6. Nf3 Nc6 7. d3 Bb4 8.
O-O O-O 9. a3 Bd6 10. b4 a6 11. Be3 Be6 12. Rc1 f6 13. Nd2 Be7 14. Nce4 Nd5 15.
Nc5 Bxc5 16. bxc5 Nd4 17. Nc4 c6 18. Bd2 b5 19. Nd6 Ne7 20. Rb1 Qc7 21. h3 Ndf5
22. Ne4 Bd5 23. Kh2 Nd4 24. f4 f5 25. Nd6 Bxg2 26. Kxg2 exf4 27. Bxf4 Nd5 28.
Qd2 Nxf4+ 29. Rxf4 Kh8 30. Rxd4 1-0

[Event "Cto. FACV Ind. Preferente Xixona 2014"]
[Site "Xixona ESP"]
[Date "2014.10.18"]
[Round "3.2"]
[White "Garcia Gimenez, Santiago"]
[Black "Aledo Yanguas, Javier"]
[Result "1/2-1/2"]
[WhiteElo "1657"]
[BlackElo "1761"]
[PlyCount "81"]
[EventDate "2014.09.27"]
[EventType "swiss"]
[EventRounds "7"]
[EventCountry "ESP"]
[Source "lmi"]
[SourceDate "2014.09.27"]

1. e4 c6 2. d4 d5 3. Nc3 dxe4 4. Nxe4 Bf5 5. Ng3 Bg6 6. h4 h6 7. Nf3 Nd7 8. h5
Bh7 9. Bd3 Bxd3 10. Qxd3 Ngf6 11. Bd2 e6 12. O-O-O Qc7 13. c4 Bd6 14. Ne4 Nxe4
15. Qxe4 Nf6 16. Qe2 O-O-O 17. Ne5 c5 18. Bc3 Bxe5 19. dxe5 Rxd1+ 20. Rxd1 Nd7
21. f4 Nb6 22. b3 Rd8 23. Rf1 Qd7 24. Kc2 Kb8 25. g3 Nc8 26. Rd1 Qxd1+ 27. Qxd1
Rxd1 28. Kxd1 Ne7 29. Ke2 Kc7 30. Kf3 Kc6 31. g4 a6 32. Ke4 g6 33. Be1 gxh5 34.
gxh5 Nf5 35. Kf3 b5 36. Bc3 Kb6 37. a4 bxa4 38. bxa4 a5 39. Bb2 Ne7 40. Bc3 Ka6
41. Bb2 1/2-1/2

[Event "Cto. FACV Ind. Preferente Xixona 2014"]
[Site "Xixona ESP"]
[Date "2014.10.18"]
[Round "3.3"]
[White "Carmona Huertas, Juan Antonio"]
[Black "Navarro Amoros, Antonio Jose"]
[Result "1-0"]
[WhiteElo "1589"]
[BlackElo "1724"]
[PlyCount "75"]
[EventDate "2014.09.27"]
[EventType "swiss"]
[EventRounds "7"]
[EventCountry "ESP"]
[Source "lmi"]
[SourceDate "2014.09.27"]

1. d4 d5 2. Nf3 e6 3. Bf4 c5 4. e3 Nc6 5. c3 Qb6 6. Qc2 Nf6 7. Nbd2 Bd7 8. Be2
Rc8 9. Rc1 Be7 10. a3 O-O 11. O-O a5 12. Ne5 cxd4 13. Nxc6 Rxc6 14. exd4 Rfc8
15. Nf3 Bd6 16. Ne5 R6c7 17. Bd3 Bb5 18. Qb3 Nh5 19. Bg3 Nxg3 20. hxg3 Bxe5 21.
dxe5 Rc5 22. a4 Qc7 23. Bxb5 Qxe5 24. Rfe1 Qh5 25. Be2 Qh6 26. Qxb7 d4 27. Rcd1
d3 28. Bxd3 g6 29. Be2 R8c7 30. Qe4 Rf5 31. Rd8+ Kg7 32. Red1 Rcc5 33. Qd4+
Rfe5 34. b4 axb4 35. cxb4 Rcd5 36. Rxd5 exd5 37. Qxe5+ Kf8 38. Qxd5 1-0

[Event "Cto. FACV Ind. Preferente Xixona 2014"]
[Site "Xixona ESP"]
[Date "2014.10.18"]
[Round "3.4"]
[White "Ochando Casasempere, Miguel A"]
[Black "Camarasa Ramos, Jose Vicente"]
[Result "1-0"]
[WhiteElo "1688"]
[BlackElo "1547"]
[PlyCount "85"]
[EventDate "2014.09.27"]
[EventType "swiss"]
[EventRounds "7"]
[EventCountry "ESP"]
[Source "lmi"]
[SourceDate "2014.09.27"]

1. b3 e5 2. Bb2 Nc6 3. e3 d5 4. Bb5 Bd7 5. Bxc6 Bxc6 6. Bxe5 f6 7. Bb2 Nh6 8.
Nf3 Bd6 9. Nd4 Bd7 10. Qh5+ Nf7 11. Qxd5 c6 12. Qh5 g6 13. Qe2 Ne5 14. h3 a6
15. f4 Nf7 16. O-O c5 17. Nf3 Qe7 18. Nc3 Bc6 19. Qf2 O-O-O 20. Ne2 Rhg8 21. d3
g5 22. e4 gxf4 23. Qh4 Ng5 24. Kh1 Nxf3 25. gxf3 Qd7 26. Rg1 Rg6 27. Rxg6 hxg6
28. Bxf6 Rf8 29. Bb2 Be7 30. Qg4 g5 31. Kg2 Rg8 32. Rd1 Qxg4+ 33. hxg4 Rg6 34.
Rh1 Kd7 35. Rh7 a5 36. d4 Ke6 37. d5+ Bxd5 38. exd5+ Kd6 39. c4 Bd8 40. Nc3 Be7
41. Ne4+ Kd7 42. d6 Re6 43. Rxe7+ 1-0

[Event "Cto. FACV Ind. Preferente Xixona 2014"]
[Site "Xixona ESP"]
[Date "2014.10.18"]
[Round "3.5"]
[White "Navarro Amoros, Arturo"]
[Black "Erades Berenguer, Ana"]
[Result "0-1"]
[WhiteElo "1332"]
[BlackElo "1640"]
[PlyCount "94"]
[EventDate "2014.09.27"]
[EventType "swiss"]
[EventRounds "7"]
[EventCountry "ESP"]
[Source "lmi"]
[SourceDate "2014.09.27"]

1. e4 e5 2. Nf3 Nc6 3. Bb5 a6 4. Bxc6 dxc6 5. Nxe5 Qd4 6. Nd3 Qxe4+ 7. Qe2 Bf5
8. Nc3 Qxe2+ 9. Nxe2 Bxd3 10. cxd3 O-O-O 11. d4 g6 12. b3 Bg7 13. Bb2 Ne7 14.
Rc1 Nf5 15. Rc4 Rhe8 16. Kd1 Nd6 17. Rc2 Nf5 18. Rc4 Rd7 19. Re1 Rde7 20. g3
Nd6 21. Rc2 Ne4 22. Rf1 Ng5 23. Nf4 Nf3 24. Rc4 Rd7 25. Ne2 Red8 26. h4 Bxd4
27. Nxd4 Nxd4 28. Bxd4 Rxd4 29. Rc2 R8d5 30. Re1 Kd7 31. Re3 Kd6 32. Kc1 Re5
33. Rcc3 f5 34. f4 Ree4 35. Kc2 Kd5 36. Rcd3 c5 37. Kc3 b5 38. g4 fxg4 39. Rxe4
Kxe4 40. Re3+ Kxf4 41. a3 g3 42. b4 Rc4+ 43. Kd3 g2 44. Re1 cxb4 45. axb4 Rxb4
46. Kc2 Kg3 47. d3 Kf2 0-1

[Event "Cto. FACV Ind. Preferente Xixona 2014"]
[Site "Xixona ESP"]
[Date "2014.10.18"]
[Round "3.6"]
[White "Cabrera Gutierrez, Antonio"]
[Black "Navarro Rico, Lluis"]
[Result "0-1"]
[WhiteElo "1640"]
[BlackElo "1521"]
[PlyCount "40"]
[EventDate "2014.09.27"]
[EventType "swiss"]
[EventRounds "7"]
[EventCountry "ESP"]
[Source "lmi"]
[SourceDate "2014.09.27"]

1. d4 d5 2. Bf4 Nf6 3. e3 c5 4. dxc5 Bf5 5. Nc3 e6 6. Nb5 Na6 7. Nd6+ Bxd6 8.
cxd6 O-O 9. Bd3 Bxd3 10. cxd3 Qa5+ 11. Qd2 Nb4 12. Ke2 Rac8 13. Rc1 Rxc1 14.
Qxc1 Qb5 15. Qb1 Rc8 16. Nf3 Rc2+ 17. Nd2 Qxd3+ 18. Kf3 Qxd2 19. Rf1 Qe2+ 20.
Kg3 Qg4# 0-1

[Event "Cto. FACV Ind. Preferente Xixona 2014"]
[Site "Xixona ESP"]
[Date "2014.10.18"]
[Round "3.7"]
[White "Molto Salido, Jose"]
[Black "Cruz Garcia, Guillermo"]
[Result "1-0"]
[WhiteElo "1595"]
[BlackElo "1650"]
[PlyCount "123"]
[EventDate "2014.09.27"]
[EventType "swiss"]
[EventRounds "7"]
[EventCountry "ESP"]
[Source "lmi"]
[SourceDate "2014.09.27"]

1. d4 Nf6 2. Bg5 h6 3. Bh4 e6 4. e3 Be7 5. Bd3 c5 6. c3 Nc6 7. a3 Qa5 8. Nd2 d5
9. dxc5 Ne5 10. Be2 Qxc5 11. Ngf3 Ng6 12. Bg3 Bd7 13. O-O Rc8 14. Rc1 Bb5 15.
c4 Bd7 16. Nb3 Qb6 17. Nfd4 Ba4 18. Qd3 e5 19. c5 Bxc5 20. Nxc5 Rxc5 21. Nf5
O-O 22. b4 Rc7 23. h4 a6 24. h5 Bb5 25. Qd2 Ne4 26. Qb2 Bxe2 27. Qxe2 Nxg3 28.
Nxg3 Ne7 29. Qg4 Rfc8 30. Rce1 Qf6 31. f4 e4 32. Ne2 Nf5 33. Qh3 g6 34. Ng3 Kg7
35. Rd1 Nxg3 36. Qxg3 Qf5 37. Qh4 Rc3 38. g4 Qe6 39. f5 Qb6 40. fxg6 Qxe3+ 41.
Kh1 Qh3+ 42. Qxh3 Rxh3+ 43. Kg2 Rcc3 44. Rxf7+ Kg8 45. Rxd5 Rhg3+ 46. Kf2 Rgf3+
47. Rxf3 Rxf3+ 48. Ke2 Rxa3 49. Rd8+ Kg7 50. Rd7+ Kg8 51. Rxb7 Rg3 52. Ra7 Rxg4
53. Rxa6 e3 54. b5 Rg5 55. b6 Rb5 56. Kxe3 Kg7 57. Ra7+ Kf6 58. Rf7+ Ke6 59. b7
Re5+ 60. Kd4 Rd5+ 61. Kc4 Rxh5 62. b8=Q 1-0

[Event "Cto. FACV Ind. Preferente Xixona 2014"]
[Site "Xixona ESP"]
[Date "2014.10.18"]
[Round "3.8"]
[White "Lario Cortes, Jose Maria"]
[Black "Campos Gutierrez, Luis Maria"]
[Result "0-1"]
[WhiteElo "1491"]
[BlackElo "1844"]
[PlyCount "54"]
[EventDate "2014.09.27"]
[EventType "swiss"]
[EventRounds "7"]
[EventCountry "ESP"]
[Source "lmi"]
[SourceDate "2014.09.27"]

1. d4 d5 2. c4 c6 3. cxd5 cxd5 4. Nc3 Nf6 5. Bf4 Nc6 6. e3 a6 7. Bd3 e6 8. Rc1
Bd6 9. Bxd6 Qxd6 10. f4 Nb4 11. Bb1 b5 12. a3 Nc6 13. Nf3 Bb7 14. O-O Na5 15.
Ne5 Nc4 16. Qe2 Rc8 17. Bd3 h5 18. Rc2 Ke7 19. h4 Rc7 20. Qf2 Ng4 21. Nxg4 hxg4
22. e4 dxe4 23. Bxe4 g3 24. Qf3 Qxd4+ 25. Rff2 gxf2+ 26. Rxf2 Bxe4 27. Nxe4 Qe3
0-1

[Event "Cto. FACV Ind. Preferente Xixona 2014"]
[Site "Xixona ESP"]
[Date "2014.10.18"]
[Round "3.10"]
[White "Amat Cerda, Andres"]
[Black "Paya Leal, Antonio"]
[Result "1-0"]
[WhiteElo "1791"]
[BlackElo "1448"]
[PlyCount "65"]
[EventDate "2014.09.27"]
[EventType "swiss"]
[EventRounds "7"]
[EventCountry "ESP"]
[Source "lmi"]
[SourceDate "2014.09.27"]

1. e4 e6 2. c4 d5 3. exd5 exd5 4. d4 Nf6 5. Nc3 Be6 6. Qb3 b6 7. Nf3 c6 8. Be3
Qc7 9. Rc1 Nbd7 10. cxd5 Nxd5 11. Nxd5 Bxd5 12. Qxd5 Rc8 13. Qe4+ Be7 14. Bb5
c5 15. Ne5 Rd8 16. Qd5 O-O 17. Nxd7 Qxd7 18. Qxd7 Rxd7 19. Bxd7 Rd8 20. Bg4
cxd4 21. Bd2 Bc5 22. O-O g6 23. b4 Be7 24. Rc7 f5 25. Rxe7 fxg4 26. Rxa7 Rc8
27. Re1 h5 28. Ree7 d3 29. g3 h4 30. Rg7+ Kh8 31. Rh7+ Kg8 32. Rag7+ Kf8 33.
Bh6 1-0

[Event "Cto. FACV Ind. Preferente Xixona 2014"]
[Site "Xixona ESP"]
[Date "2014.10.25"]
[Round "4.1"]
[White "Carmona Huertas, Juan Antonio"]
[Black "Cano Romero, Jose Miguel"]
[Result "0-1"]
[WhiteElo "1589"]
[BlackElo "1859"]
[PlyCount "140"]
[EventDate "2014.09.27"]
[EventType "swiss"]
[EventRounds "7"]
[EventCountry "ESP"]
[Source "lmi"]
[SourceDate "2014.09.27"]

1. d4 c5 2. c3 e6 3. Nf3 Nf6 4. Bf4 b6 5. e3 cxd4 6. exd4 Bb7 7. Bd3 d6 8. Bc2
Be7 9. Nbd2 Nbd7 10. Nc4 Qc7 11. Na3 a6 12. O-O h6 13. Re1 Nh5 14. Bd2 Nhf6 15.
Qe2 b5 16. Bd3 O-O 17. Nc2 Rfc8 18. h3 Nb6 19. Nh4 Bf8 20. Ne3 Nc4 21. Bxc4
bxc4 22. Ng4 Nxg4 23. Qxg4 Kh7 24. f4 Be7 25. Nf3 Bxf3 26. Qxf3 Rab8 27. Rab1
Rb5 28. g4 g6 29. Re2 Qb7 30. Qxb7 Rxb7 31. d5 exd5 32. b4 cxb3 33. Rxb3 Rxb3
34. axb3 Bf6 35. Re3 d4 36. Rd3 dxc3 37. Bc1 Rc6 38. Kf2 Rb6 39. Ke2 Kg7 40. h4
Rxb3 41. Rxd6 Rb1 42. Kd1 a5 43. Kc2 Rb4 44. Rd7 Re4 45. g5 hxg5 46. hxg5 Be7
47. Kxc3 Bb4+ 48. Kd3 Re1 49. Bb2+ Kf8 50. Rd8+ Ke7 51. Bf6+ Ke6 52. Kc2 Re2+
53. Kd1 Re4 54. Be5 Be7 55. Re8 Kd7 56. Ra8 Bxg5 57. Rxa5 Bxf4 58. Bxf4 Rxf4
59. Rg5 Ke6 60. Ke2 Rf5 61. Rg4 g5 62. Ke3 f6 63. Rg2 Rf4 64. Rb2 Kf5 65. Rb5+
Kg4 66. Rc5 f5 67. Ke2 Ra4 68. Rc2 f4 69. Kf2 Kh4 70. Kg2 g4 0-1